| 000 | 00425nam a2200157Ia 4500 | ||
|---|---|---|---|
| 008 | 230312s9999||||xx |||||||||||||| ||und|| | ||
| 020 | _a0-7506-7300-6 | ||
| 082 |
_a616 _bPAZ-A |
||
| 100 | _aPaz;Jaime.C | ||
| 245 | 0 | _aAcute Care Handbook of Physical Therapisits | |
| 260 |
_bButterworth _aUSA _c2002 |
||
| 300 | _a974 | ||
| 546 | _aEng. | ||
| 650 |
_aPhysiotherapy _vAcute Care Handbook of Physical Therapisits |
||
| 942 | _cBK | ||
| 999 |
_c7878 _d7878 |
||